[Event "BEL-ch U20"]
[Site "Turnhout"]
[Date "2024.05.11"]
[Round "5"]
[White "Debucke, Jolan"]
[Black "Yoro, Samuel"]
[Result "1/2-1/2"]
[WhiteElo "1994"]
[BlackElo "1979"]
[PlyCount "194"]
[EventDate "2024.05.09"]
[EventType "swiss"]
[EventRounds "7"]
[EventCountry "BEL"]
[SourceTitle "CBM 220 Extra"]
[Source "ChessBase"]
[SourceDate "2024.07.31"]
[SourceVersion "1"]
[SourceVersionDate "2024.07.31"]
[SourceQuality "1"]

1. e4 c5 2. b4 cxb4 3. d4 d5 4. Nd2 Nc6 5. Ngf3 Nf6 6. Bd3 dxe4 7. Nxe4 Bg4 8. 0-0 e6 9. a3 Nxd4 10. axb4 Be7 11. Bb2 Nxf3+ 12. gxf3 Bh3 13. Re1 0-0 14. Ng5 Bf5 15. Bxf5 exf5 16. Qe2 Bxb4 17. Red1 Qe7 18. Qb5 Qc5 19. Qxb7 Rab8 20. Qxa7 Qxc2 21. Bxf6 gxf6 22. Rdc1 Bc5 23. Rxc2 Bxa7 24. Nxh7 Kxh7 25. Rxa7 Rb1+ 26. Kg2 Rg8+ 27. Kh3 Rbg1 28. Ra4 R8g5 29. Rh4+ Kg7 30. Rc8 f4 31. Rc2 Rb5 32. Rxf4 f5 33. Rfc4 Rb8 34. Rh4 Rb3 35. Rf4 Rb8 36. Rcc4 Kg6 37. Rh4 Rb2 38. Rc8 Kg7 39. Rhh8 Kf6 40. Rhg8 Rf1 41. Rg2 Rb3 42. Rc6+ Ke5 43. Rc5+ Ke6 44. Kg3 Ra1 45. Rc8 Raa3 46. Re8+ Kf6 47. Re3 Rxe3 48. fxe3 Rxe3 49. Ra2 Kg6 50. Ra5 Rb3 51. Ra4 Rb1 52. Ra8 Rb4 53. Rh8 f4+ 54. Kh3 f5 55. Rg8+ Kf7 56. Rd8 Rb3 57. Kg2 Rb2+ 58. Kh3 Rf2 59. Rd3 Ke6 60. Ra3 Kd6 61. Rc3 Kd5 62. Ra3 Kd4 63. Rb3 Ra2 64. Rb4+ Ke3 65. Rb3+ Kf2 66. Kh4 Re2 67. Kg5 Re3 68. Rb4 Kxf3 69. Rxf4+ Ke2 70. h4 Rg3+ 71. Kxf5 Ke3 72. Ra4 Rg1 73. h5 Rb1 74. Rg4 Rb5+ 75. Kg6 Kf3 76. Rg5 Rb6+ 77. Kh7 Kf4 78. Rg6 Rb7+ 79. Rg7 Rb6 80. h6 Kf5 81. Rg8 Rb7+ 82. Kh8 Kf6 83. Rc8 Kf7 84. Kh7 Rb6 85. Rc7+ Kf8 86. Rg7 Ra6 87. Rg3 Ra7+ 88. Kh8 Ra1 89. Rg6 Kf7 90. Rg2 Rb1 91. Kh7 Rf1 92. Rg7+ Kf8 93. Kh8 Rh1 94. Rg6 Kf7 95. Ra6 Rg1 96. h7 Kf8 97. Rg6 Rxg6 1/2-1/2

[Event "Wch U20 60th"]
[Site "Mexico City"]
[Date "2023.09.22"]
[Round "3"]
[White "Gharibyan, Mamikon"]
[Black "Yoro, Samuel"]
[Result "1-0"]
[WhiteElo "2495"]
[BlackElo "1939"]
[PlyCount "61"]
[EventDate "2023.09.21"]
[EventType "swiss"]
[EventRounds "11"]
[EventCountry "MEX"]
[SourceTitle "CBM 216 Extra"]
[Source "ChessBase"]
[SourceDate "2023.11.30"]
[SourceVersion "1"]
[SourceVersionDate "2023.11.30"]
[SourceQuality "1"]

1. d4 d5 2. Nf3 Nf6 3. Bf4 e6 4. e3 Bd6 5. Nbd2 0-0 6. c3 c5 7. Bg3 Nc6 8. Bd3 Re8 9. Ne5 Bxe5 10. dxe5 Nd7 11. f4 c4 12. Bc2 Qb6 13. e4 Qxb2 14. exd5 exd5 15. 0-0 Qxc3 16. Nf3 Nf8 17. Rc1 Qa5 18. f5 d4 19. Be4 Qc5 20. Kh1 Rd8 21. Bh4 Re8 22. Bg3 Nd7 23. f6 g6 24. Bxc6 Qxc6 25. e6 Rxe6 26. Nxd4 Qd5 27. Nxe6 Qxe6 28. Qd4 b5 29. Rce1 Qc6 30. Re8+ Nf8 31. Rxf8+ 1-0

[Event "Wch U20 60th"]
[Site "Mexico City"]
[Date "2023.09.21"]
[Round "1"]
[White "Budisavljevic, Luka"]
[Black "Yoro, Samuel"]
[Result "1-0"]
[WhiteElo "2492"]
[BlackElo "1939"]
[PlyCount "91"]
[EventDate "2023.09.21"]
[EventType "swiss"]
[EventRounds "11"]
[EventCountry "MEX"]
[SourceTitle "CBM 216 Extra"]
[Source "ChessBase"]
[SourceDate "2023.11.30"]
[SourceVersion "1"]
[SourceVersionDate "2023.11.30"]
[SourceQuality "1"]

1. d4 Nf6 2. c4 e6 3. Nf3 d5 4. e3 Nbd7 5. Nc3 Bb4 6. Bd2 0-0 7. Qb3 Bxc3 8. Bxc3 c6 9. Bd3 Qc7 10. Rc1 b6 11. Qa3 Bb7 12. 0-0 dxc4 13. Bxc4 b5 14. Ba5 Qb8 15. Be2 Ne4 16. Bd3 Nef6 17. e4 Re8 18. e5 Nd5 19. Ng5 h6 20. Ne4 Nf4 21. Nd6 Nxd3 22. Qxd3 Rf8 23. Qf3 Nb6 24. Bb4 Nd5 25. Bc5 Ne7 26. Ne4 Re8 27. Nf6+ Kh8 28. Nxe8 Qxe8 29. Bxe7 Qxe7 30. Rc5 Kg8 31. Re1 Rd8 32. Qc3 Qh4 33. Rd1 Qe7 34. h3 Qg5 35. Qa5 a6 36. Qc7 Ba8 37. Qb6 Qh4 38. g3 Qe7 39. Qxa6 Bb7 40. Qa3 Qg5 41. Qe3 Qh5 42. g4 Qh4 43. Rd3 g6 44. Qf4 Kg7 45. b3 h5 46. Rf3 1-0